Physical chemistry. (3rd ed.) (Record no. 81888)

MARC details
000 -LEADER
fixed length control field 00925nam a2200217 a 4500
008 - FIXED-LENGTH DATA ELEMENTS--GENERAL INFORMATION
fixed length control field 071203s2000 ||||||||||||||||| || u
020 ## - INTERNATIONAL STANDARD BOOK NUMBER
International Standard Book Number 0471383112
050 ## - LIBRARY OF CONGRESS CALL NUMBER
Classification number QD 453.2 Sil
100 ## - MAIN ENTRY--PERSONAL NAME
Personal name Alberty, Robert A
245 10 - TITLE STATEMENT
Title Physical chemistry. (3rd ed.)
Statement of responsibility, etc. Robert A. Silbey; Robert J. Alberty
250 ## - EDITION STATEMENT
Edition statement 3rd ed.
260 ## - PUBLICATION, DISTRIBUTION, ETC.
Place of publication, distribution, etc. New York
Name of publisher, distributor, etc. John Wiley and Sons
Date of publication, distribution, etc. 2000
300 ## - PHYSICAL DESCRIPTION
Extent vii, 969 : ill.
350 ## -
-- 0.00
500 ## - GENERAL NOTE
General note Alberty's name appears first on the previous editions.
650 #0 - SUBJECT ADDED ENTRY--TOPICAL TERM
Topical term or geographic name entry element CHEMISTRY, PHYSICAL AND THEORETICAL
650 #0 - SUBJECT ADDED ENTRY--TOPICAL TERM
Topical term or geographic name entry element CHEMISTRY--HANDBOOKS, MANUALS, ETC
700 ## - ADDED ENTRY--PERSONAL NAME
Personal name Silbey, Robert J
995 ## -
-- SHORT LOAN BOOKS
-- 0.00
-- 738175
-- CBU-MAIN LIBRARY (Kitwe)
-- 1
-- 0.00
-- QD 453.2 Sil
-- 2
-- AVAILABLE
-- Dec 3, 2007
-- 738175
-- Short Loan Collection
995 ## -
-- SHORT LOAN BOOKS
-- 0.00
-- 738174
-- CBU-MAIN LIBRARY (Kitwe)
-- 1
-- 0.00
-- QD 453.2 Sil
-- 1
-- AVAILABLE
-- Dec 3, 2007
-- 738174
-- Short Loan Collection
999 ## -
-- 81888
-- 81888
Holdings
Withdrawn status Lost status Source of classification or shelving scheme Damaged status Not for loan Permanent Location Current Location Shelving location Date acquired Total Checkouts Full call number Barcode Date last seen Copy number Price effective from Koha item type
          CBU-MAIN LIBRARY, KITWE. CBU-MAIN LIBRARY, KITWE.   09/12/2023   QD 453.2 Sil 738175 09/12/2023 1 09/12/2023 SHORT LOAN COLLECTION
          CBU-MAIN LIBRARY, KITWE. CBU-MAIN LIBRARY, KITWE.   09/12/2023   QD 453.2 Sil 738174 09/12/2023 2 09/12/2023 SHORT LOAN COLLECTION